00401nam a2200145Ia 450000500170000000800410001702000180005808200200007610000340009624500470013025000120017726000290018930000120021865000250023020241217113845.0231217s9999 xx 000 0 und d a9788127247126 a658.1 GUP;1 R aGupta, Shashi K. Sharma, R K. 0aFinancial management : theory and practice a6th ed. c2008bKalyaniaLudhiyana a42.9+12 aFinancial,management